|
|
|
|
| LEADER |
00000cam a2200000 7i4500 |
| 001 |
0000003493 |
| 002 |
000003763 |
| 005 |
20000330.0 |
| 020 |
|
|
|a 9838812274
|
| 090 |
0 |
0 |
|a F
|b ROS
|
| 100 |
0 |
|
|a ROSIE Haslinda Nasir
|
| 245 |
1 |
0 |
|a Harapan
|c Rosie Haslinda Nasir
|
| 260 |
|
|
|a Shah Alam :
|b Marwilis Publishher ,
|c 1992
|
| 300 |
|
|
|a 105p. ;
|c 18cm.
|
| 650 |
0 |
0 |
|a Malay fiction
|
| 999 |
|
|
|a 031989
|b BUKU
|c FICTION
|e PERPUSTAKAAN KOMUNITI PETALING JAYA
|
| 999 |
|
|
|a 031990
|b BUKU
|c FICTION
|e PERPUSTAKAAN KOMUNITI PETALING JAYA
|
| 999 |
|
|
|a 031991
|b BUKU
|c FICTION
|e PERPUSTAKAAN KOMUNITI PETALING JAYA
|